सम्पूर्ण नाटक / (Record no. 122124)

MARC details
000 -LEADER
fixed length control field 01103nam a22002897a 4500
003 - CONTROL NUMBER IDENTIFIER
control field dpl
005 - DATE AND TIME OF LATEST TRANSACTION
control field 20170124103226.0
008 - FIXED-LENGTH DATA ELEMENTS--GENERAL INFORMATION
fixed length control field 161013b xxu||||| |||| 00| 0 eng d
010 ## - LIBRARY OF CONGRESS CONTROL NUMBER
LC control number B-075262
020 ## - INTERNATIONAL STANDARD BOOK NUMBER
International Standard Book Number 8170559413
Terms of availability 500.00
035 ## - SYSTEM CONTROL NUMBER
System control number B-075262
037 ## - SOURCE OF ACQUISITION
Source of stock number/acquisition Cen Lib / Ret
040 ## - CATALOGING SOURCE
Original cataloging agency DPL
Language of cataloging HN
Transcribing agency TIT
082 ## - DEWEY DECIMAL CLASSIFICATION NUMBER
Classification number 822
Item number सिद्धूच
100 ## - MAIN ENTRY--PERSONAL NAME
Personal name सिद्धू, चरणदास
245 ## - TITLE STATEMENT
Title सम्पूर्ण नाटक /
Statement of responsibility, etc चरणदास सिद्धू
246 ## - VARYING FORM OF TITLE
Title proper/short title Sampurna natak
Remainder of title by Charandas Siddhu
260 ## - PUBLICATION, DISTRIBUTION, ETC. (IMPRINT)
Place of publication, distribution, etc नयी दिल्ली
Name of publisher, distributor, etc वाणी प्रकाशन
Date of publication, distribution, etc 2002
270 ## - ADDRESS
Address 21-ए, दरियागंज
City नई दिल्ली
Postal code 110002
300 ## - PHYSICAL DESCRIPTION
Extent v 1. 615 ; v 2. viii, 555 ; v 4. 471
Other physical details 24cm(HB)
650 ## - SUBJECT ADDED ENTRY--TOPICAL TERM
Topical term or geographic name as entry element Hindi sahitya
9 (RLIN) 30602
650 ## - SUBJECT ADDED ENTRY--TOPICAL TERM
Topical term or geographic name as entry element हिन्दी साहित्य
650 ## - SUBJECT ADDED ENTRY--TOPICAL TERM
Topical term or geographic name as entry element हिन्दी साहित्य -- नाटक
650 ## - SUBJECT ADDED ENTRY--TOPICAL TERM
Topical term or geographic name as entry element Hindi literature
650 ## - SUBJECT ADDED ENTRY--TOPICAL TERM
Topical term or geographic name as entry element Hindi literature -- novel
942 ## - ADDED ENTRY ELEMENTS (KOHA)
Source of classification or shelving scheme Dewey Decimal Classification
Koha item type Hindi Books
Classification part 822
Call number suffix सिद्धूच
Holdings
Withdrawn status Lost status Materials specified (bound volume or other part) Damaged status Not for loan Home library Current library Date acquired Source of acquisition Cost, normal purchase price Total Checkouts Full call number Barcode Date last seen Cost, replacement price Price effective from Koha item type Source of classification or shelving scheme
    v 1     Central Library Central Library 02/03/2016 Cen Lib/Ret 500.00   822 सिद्धूच B-075261 02/03/2016 500.00 02/03/2016 Hindi Books  
    v 2     Central Library Central Library 02/03/2016 Cen Lib/Ret 500.00   822 सिद्धूच B-075262 02/03/2016 500.00 02/03/2016 Hindi Books  
          Central Library Central Library 12/10/2016       822 सिद्धूच B-075264 12/10/2016   12/10/2016 Hindi Books Dewey Decimal Classification

© Delhi Public Library
Hit Counter
free hit counter